Διαλεκτική και πολιτική στον πρώιμο Μαρξ : τέσσερες μελέτες

Αποθηκεύτηκε σε:
Λεπτομέρειες βιβλιογραφικής εγγραφής
Κύριος συγγραφέας: Μπαγιόνας, Αύγουστος
Μορφή: Βιβλίο
Γλώσσα:Greek
Δημοσίευση: Πάτρα : Εκδόσεις Πανεπιστημίου Πατρών, 1977.
Θέματα:
Ετικέτες: Προσθήκη ετικέτας
Δεν υπάρχουν, Καταχωρήστε ετικέτα πρώτοι!

MARC

LEADER 00000cam a2200000 i 4500
001 1/67554
008 990122s1977 gr | ||| |||| ||gre||
020 |a 960530015X 
035 |l 10047498 
040 |a GR-MY-UA  |b gre  |e aacr 
041 0 |a gre 
082 7 |a 146.32   |2 (22) 
100 1 |a Μπαγιόνας, Αύγουστος. 
245 1 0 |a Διαλεκτική και πολιτική στον πρώιμο Μαρξ :   |b τέσσερες μελέτες /   |c Αύγουστος Μπαγιόνας.  
260 |a Πάτρα :   |b Εκδόσεις Πανεπιστημίου Πατρών,   |c 1977.  
300 |a 158 σ. ;   |c 21 εκ.  
650 0 0 |a Philosophy, Μarxist. 
650 0 0 |a Dialectical materialism. 
852 |a INST  |b RHODES  |e 19990122  |h 146.32 ΜΠΑ  |p 005400005684  |q 005400005684  |t BK  |y 0 
901 |a BIBL-1999-1 
909 |a Ρ  |b 052747 
922 |a 4ΕΛΗ  |b 199712  |c ΦΙΟΡΑΒΑΝΤΕΣ  |d EMVASIS 
970 |z 2000/07